Ethicadia/ (Record no. 212838)

MARC details
000 -LEADER
fixed length control field 00644nam a22002177a 4500
005 - DATE AND TIME OF LATEST TRANSACTION
control field 20250804115218.0
010 ## - LCCN (DPL NO)
LC control number ENG-146328-329
020 ## - INTERNATIONAL STANDARD BOOK NUMBER
International Standard Book Number 9789349184671
Terms of availability 890.00
020 ## - INTERNATIONAL STANDARD BOOK NUMBER
International Standard Book Number 9789349184114
Terms of availability 890.00
035 ## - SYSTEM CONTROL NUMBER
System control number EN-129860-861
037 ## - SOURCE OF ACQUISITION
Source of stock number/acquisition DBAD
082 ## - DEWEY DECIMAL CLASSIFICATION NUMBER
Classification number 305.568
Edition number 1
245 ## - TITLE STATEMENT
Title Ethicadia/
Statement of responsibility, etc edited by Jernail Singh Anand
260 ## - PUBLICATION, DISTRIBUTION, ETC. (IMPRINT)
Place of publication, distribution, etc Gurugram
Name of publisher, distributor, etc Earth Vision Publications
Date of publication, distribution, etc 2025
270 ## - ADDRESS
Address H-23/16, DLF Phase-1
City Gurugram
Postal code 122002
300 ## - PHYSICAL DESCRIPTION
Extent vi, 345p.
Dimensions 21cm(pb)
300 ## - PHYSICAL DESCRIPTION
Extent vi, 331p.
Dimensions 21cm(pb)
490 ## - SERIES STATEMENT
Volume number/sequential designation 1,2
700 ## - ADDED ENTRY--PERSONAL NAME
Personal name Jernail Singh Anand
Relator term Editor
9 (RLIN) 83671
942 ## - ADDED ENTRY ELEMENTS (KOHA)
Source of classification or shelving scheme Dewey Decimal Classification
Item type English Books
Classification part 305.568
Call number suffix ETH
Holdings
Withdrawn status Lost status Materials specified (bound volume or other part) Not for loan Collection code Home library Current library Date acquired Source of acquisition Cost, normal purchase price Full call number Barcode Copy number Cost, replacement price Koha item type
    VOL-1   Non-fiction Patel Nagar Patel Nagar 04/08/2025 Delivery of Books Act Division 890.00 305.568 ETH EN-129860 1 890.00 English Books
    VOL-2   Non-fiction Patel Nagar Patel Nagar 04/08/2025 Delivery of Books Act Division 890.00 305.568 ETH EN-129861 1 890.00 English Books

© Delhi Public Library
Hit Counter
free hit counter